| 000 | 00908nas a2200265 4500 | ||
|---|---|---|---|
| 001 | BR2012006983 | ||
| 003 | BR-BrBNA | ||
| 005 | 20231205121204.0 | ||
| 007 | ta | ||
| 008 | 230509b bl.|||p| |||| 00| 00por d | ||
| 040 |
_aBR-BrBNA _bpor _cBiblioteca Nacional de Agricultura |
||
| 041 | _a(Pt) | ||
| 072 | _aE80; E70 | ||
| 100 | 1 | _aCastro, L.T. e | |
| 100 | 1 | _aLopes, F.F. | |
| 100 | 1 | _aNeves, M.F. | |
| 245 | 1 | _aRedes, capital social e marketing como elementos fundamentais para a agricultura familiar: Uma experiência no projeto público de irrigação Jaíba | |
| 650 | _aAGRICULTURA FAMILIAR | ||
| 650 | _aMERCADO PRODUTOR | ||
| 650 | _aGESTÃO | ||
| 650 | _aDESENVOLVIMENTO ECONÔMICO | ||
| 773 | 0 |
_tOrganizações Rurais e Agroindustriais (Brazil) _xISSN 1517-3879 _g(Sep-Dec 2010), v. 12(3) p. 386-398 _wBR2012006983 |
|
| 909 |
_a202311 _bLúcia _c55 _dLúcia Elande |
||
| 942 |
_2AGRIS _n0 _cANA |
||
| 999 |
_c222239 _d222239 |
||